000
00198 a2200097 4500
001
7894
100
_a
Speate, O H K
245
_a
India and Pakistan
260
_a
_b
Methuen
_c
090
_c
6338
_d
6338
942
_a
NUST-CAE
_c
M
_c
32865
999
_c
242967
_d
242967